| 000 | 02586cam a22006374i 4500 | ||
|---|---|---|---|
| 003 | PE-LiUPU | ||
| 005 | 20250731170404.0 | ||
| 008 | 150617s1972 sp a rb 000 0 spa d | ||
| 035 | _a(Sirsi) a12566 | ||
| 040 |
_aPE-LiUPU _bspa _cPE-LiUPU _dPE-LiUPU _erda |
||
| 049 | _aPRUA | ||
| 082 | 0 | 4 |
_a152.4 _bB59 _221 |
| 100 | 1 |
_aBize, P.R., _eautor. |
|
| 245 | 1 | 3 |
_aEl equilibrio del cuerpo y la mente / _cP. R. Bize. |
| 264 | 1 |
_aBilbao : _bMensajero, _c1972. |
|
| 300 |
_a260 páginas : _bilustraciones ; _c20 centímetros. |
||
| 336 |
_atext _2rdacontent |
||
| 337 |
_aunmediated _2rdamedia |
||
| 338 |
_avolume _2rdacarrier |
||
| 490 | 0 | _aLa psicología moderna | |
| 504 | _aIncluye bibliografía. | ||
| 505 | 0 | _aLa noción de equilibrio -- Teorías modernas -- El equilibrio mental definido atreves de los desequilibrios psíquicos -- Campos de equilibrio -- Climas equivalentes y desequilibrantes en la familia y el trabajo -- Consejos prácticos: Cultura física, dietética, aspectos médicos. Aspectos prácticos: Las técnicas psicológicas de autocontrol -- Consejos prácticos: La lucha contra la fatiga la organización del trabajo, el tiempo libre. | |
| 526 | _aSEG68 | ||
| 526 | _aSEG70 | ||
| 526 | _aSEG69 | ||
| 526 | _aSEG67 | ||
| 526 | _aSEG43 | ||
| 526 | _aP144 | ||
| 526 | _aP143 | ||
| 526 | _aP131 | ||
| 526 | _aP122 | ||
| 526 | _aP120 | ||
| 526 | _aP117 | ||
| 526 | _aP112 | ||
| 526 | _aP110 | ||
| 526 | _aP106 | ||
| 526 | _aP101 | ||
| 526 | _aP80 | ||
| 526 | _aP59 | ||
| 526 | _aP54 | ||
| 526 | _aP35 | ||
| 526 | _aP33 | ||
| 526 | _aP30 | ||
| 650 | 0 | 4 | _aFisiologia e higiene mental. |
| 700 | 1 |
_aGoguelin, P., _eautor. |
|
| 910 |
_ajck _bjvq _cjck _d20150616 |
||
| 942 |
_2ddc _cBOOK |
||
| 949 |
_a152.4 B59 _wDEWEY _c1 _i25205 _lCCODEBUL1 _mBUL _p00.00 _r0 _sY _tBOOK _u2015-04-21 _xBIBLIOTECA _zUNKNOWN _0COMPRA _o.STAFF. Colección Ciencias de la Salud |
||
| 949 |
_a152.4 B59 _wDEWEY _c2 _i23031 _lCCODEBUL1 _mBUL _p00.00 _r0 _sY _tBOOK _u2015-04-21 _xBIBLIOTECA _zUNKNOWN _0COMPRA _o.STAFF. Colección Ciencias de la Salud |
||
| 994 |
_aC0 _bPEPRU |
||
| 596 | _a1 | ||
| 999 |
_a152.4 B59 _wDEWEY _c2838 _i25205 _d2838 _f2021-11-3 _g5 _lCCODEBUL1 _mBUL _p26.00 _q3 _r0 _sY _tBOOK _u2015-4-21 _xSALUD _zUNKNOWN _0COMPRA _o.STAFF. Colección Ciencias de la Salud |
||
| 999 |
_a152.4 B59 _wDEWEY _c2 _i23031 _f2021-11-3 _g5 _lCCODEBUL1 _mBUL _p26.00 _r0 _sY _tBOOK _u2015-4-21 _xSALUD _zUNKNOWN _0COMPRA _o.STAFF. Colección Ciencias de la Salud |
||
| 980 |
_81 _gALBERTO SANCHEZ Responsable de Automatización |
||